000 00485nam a22001931a 4500
001 2644
003 OSt
005 20260204211820.0
008 040317s1989||||dr ||||||b||||||||||spa||
050 _aRD 860.944 B181p
082 _aRD 809 B181p
100 _aBalaguer, Joaquín
245 _aLos próceres escritores / Joaquín Balaguer
250 _a4
264 _aSanto Domingo : Corripio
300 _a309 p.
650 _a1.Literatura - Histórica CríticaÌ
942 _2ddc
_cBK
999 _c2644
_d2644